Größte Erfindungen 1800 - 1900 - Statistiken

Allgemein
  • Dieses Quiz wurde 33 mal gespielt
  • Das Durchschnittsergebnis liegt bei 32 aus 80
Antwortstatistiken
Jahr Erfinder Erfindung % Korrekt
1885 Carl Benz 🚘 Automobil
97%
1817 Karl von Drais 🛞🛞 Zweirad / Einrad
97%
1867 / 1876 Nikolaus Otto / Eugen Langen /Gottlieb Daimler / Wilhelm Maybach Benzinmotor / Ottomotor
90%
1872 - 1873 Levi Strauss 👖 Blue - Jeans
90%
1851 Jacob Fussell🍦 🏭 Eisfabrik
87%
1879 Thomas Alva Edison 💡 Glühbirne
87%
1835 Samuel Colt 🔫 Revolver
87%
1866 Alfred Nobel 🧨 Dynamit
84%
1876 Carl von Linde Kältemaschine / Eismaschine
84%
1860 - 1876 Philipp Reis / Antonio Meucci /Alexander Graham Bell 📞 Telefon
84%
1846 Adolphe Sax 🎷 Saxophon
81%
1879 Werner von Siemens 🚊 elektr. Straßenbahn
77%
1839 Kirkpatrick Macmillan 🚲 Fahrrad
77%
1837 Samuel Morse Telegraf / Morse - Alphabet
77%
1826 Joseph Niépce 📸 Heliografie / 1. Fotografie
74%
1895 Wilhelm Conrad Röntgen Röntgenstrahlen
74%
1892 John Froehlich / William Mann 🚜 Traktor
74%
1892 Rudolf Diesel Dieselmotor
71%
1888 John Boyd Dunlop luftgefüllte Reifen
71%
1857 Joseph Gayetty🚽 📄 Toilettenpapier
68%
1804 Richard Trevithick 🚂 Dampf - Lokomotive
65%
1895 Gebrüder Lumiére 📽 Kino / Film
65%
1878 David Edward Hughes 🎤 Mikrofon
65%
1894 Alois Wolfmüller 🏍 Motorrad
65%
1896 Guglielmo Marconi 📻 Radio
65%
1892 Robert Sputh 🍻 Bierdeckel
58%
1897 / 1899 Felix Hoffmann 💊 Aspirin
55%
1861 Friedrich Franz von Drücker 🚡 Drahtseilbahn
55%
1839 Louis Daguerre / William Fox Talbot /Hippolyte Bayard 📸 Fotokamera
55%
1861 Thomas Sutton 📸 Spiegelreflex - Kamera
55%
1884 - 1888 Nikola Tesla Wechselstrom (AC)
55%
1840 Laurenz Koschier / James Chalmers /Sir Rowland Hill ✉ Briefmarke
52%
1854 - 1855 Ernst Litfaß Litfaßsäule
52%
1855 Charles Goodyear Gummi - Kondom
48%
1825 Louis Braille Blindenschrift / Brailleschrift
45%
1808 - 1868 Pellegrino Turri / Karl von Drais Schreibmaschine
42%
1868 Christopher Latham Sholes Schreibmaschine (QWERTY - Tastatur)
42%
1884 Lewis Edson Waterman 🖋 Füllfederhalter
39%
1810 Nicolas Appert 🥫 Konservendose / Kondensmilch / Dosenmilch
39%
1894 William Painter Flaschenöffner
35%
1834 Alexander Twinning moderner Kühlschrank
35%
1827 Josef Ressel 🛥 🔩 Schiffspropeller / Schiffsschraube
35%
1899 Johan Vaaler 🖇 Büroklammer
32%
1865 Justus von Liebig 🍼 Babynahrung (Fertigprodukt)
29%
1843 Friedrich Gottlob Keller 📄 Papier aus Holzschliff (industr. Herstellung)
29%
1864 / 1869 Julius Meyer / Dmitri Mendelejew Periodensystem
29%
1879 Thomas Alva Edison Gleichstrom (DC)
26%
1853 Elisha Graves Otis Fahrstuhl / Aufzug
19%
1890 / 1893 Whitcomb Judson / Gideon Sundbäck 🤐 Reißverschluss
19%
1870 Paul Sormani Druckknopf
16%
1854 Sören Hjorth Dynamo
16%
1893 George B. Simpson Elektroherd
16%
1822 / 1829 Peter Barlow / Anyos Jedlik Elektromotor / Gleichstrommotor
16%
1887 Ludwik Lejzer Zamenhof 🗣 Esperanto - Sprache
16%
1891 - 1896 Otto Lilienthal Gleitflug / Gleitschirm
16%
1802 Humphry Davy Kohlebogenlampe
16%
1887 Emil Berliner Schallplatte & Grammophon
16%
1825 William Sturgeon Elektromagnet
13%
1855 Henry Bessemer industr. Stahl
13%
1866 Werner von Siemens Dynamo (Generator)
10%
1860 Jean - Joseph Étienne Lenoir Gasmotor
10%
1886 John Stith Pemberton Cola / Coke
6%
1823 Johann Wolfgang Döbereiner Feuerzeug
6%
1872 Thomas Adams Kaugummi
6%
1855 Alexander Parkes / Daniel Spill /John Wesley Hyatt Plastik / Zelluloid
6%
1892 Jesse W. Reno Rolltreppe
6%
1874 Joseph F. Glidden Stacheldraht
6%
1854 Eben N. Horsford / Justus von Liebig /Alfred Bird Backpulver
3%
1837 / 1888 Charles Babbage / Herman Hollerith 🕳 🗺 Lochkarte
3%
1835 Joseph Henry Relais (Schalter mit Elektromagnet)
3%
1826 / 1832 John Walker / Friedrich Kammerer Zündholz / Streichhölzer
3%
1855 Robert Yeates Dosenöffner
0%
1882 Henry W. Seely elektr. Bügeleisen
0%
1808 Michael Faraday / Humphry Da Davy ⚡ Elektrochemie / Elektrolyse
0%
1888 Dr. William Ch. Deming Inkubator / Brutkasten
0%
1892 William Painter Kronkorken
0%
1869 Hippolyte Mége - Mouriés Margarine
0%
1821 - 1829 Christian Friedrich Ludwig Buschmann Mundharmonika
0%
1860 Christian Reithmann Viertakt - Motor
0%
1877 Thomas Alva Edison / John Kruesi Walzen - Phonograph (Aufnahmegerät)
0%
Keine übereinstimmenden Quizze gefunden
Verteilung der Resultate
Anzahl Personen mit jedem Resultat
Perzentil nach korrekt beantworteten Fragen
Ihre Resultats-Entwicklung
Sie haben dieses Quiz noch nicht gespielt